| 000 | 01276cam a2200301 4500 | ||
|---|---|---|---|
| 001 | ABS62401 | ||
| 008 | 000000n2000 000 0 eng u | ||
| 035 | _a(Sirsi) u106036 | ||
| 100 | _aFrench, N. | ||
| 245 | _aInvestment valuation models: annually in arrears data in quarterly in advance cash flows | ||
| 260 | _c2000 | ||
| 490 |
_aJournal of Property Investment and Finance _v18(2) April 2000, 225-238(14) |
||
| 520 | _aSuggests that valuers should move towards valuation techniques that reflect the fact that commercial rents are received quarterly in advance rather than annually in arrears. Based on an IPF paper promulgating the use of quarterly in advance valuations, this article provides the formula required to accurately transfer annually in arrears data to into quarterly in advance data. References. | ||
| 590 | _aABS | ||
| 650 | _aVALUATION METHODS | ||
| 650 | _aCOMMERCIAL RENTS | ||
| 650 | _aDISCOUNTED CASH FLOW | ||
| 650 | _aBENCHMARKING | ||
| 650 | _aQUARTERLY IN ADVANCE | ||
| 650 | _aGROWTH-EXPLICIT VALUATION | ||
| 650 | _aVALUATION FORMULA | ||
| 650 | _aVALUATION MODELS | ||
| 650 | _aINVESTMENT VALUATION | ||
| 650 | _aYIELD | ||
| 690 | _aVALUATION AND INVESTMENT APPRAISAL-COMMERCIAL | ||
| 700 | _aCooper, R. | ||
| 942 | _n0 | ||
| 999 |
_c63509 _d63509 |
||